000
00221 a2200097 4500
001
13824
100
_a
Claphan C B
245
_a
Arithmetic for engineers
260
_a
London
_b
Chapman & Hall Ltd
_c
090
_c
10803
_d
10803
942
_a
NUST-CAE
_c
M
_c
896
999
_c
248897
_d
248897